| 000 | 00641nam a2200229 a 4500 | ||
|---|---|---|---|
| 999 |
_c1602 _d1602 |
||
| 007 | ta | ||
| 008 | 200110t2009 xxkad||g |||| 00| 0 eng d | ||
| 020 |
_a9781856093149 _c£ 50.00 |
||
| 040 |
_aKO _beng |
||
| 041 | 0 | _aeng | |
| 044 | _axxk | ||
| 082 | 0 | 4 |
_223 _a623.8240287 _bB7801 |
| 100 | 1 | _aBroad, Peter | |
| 245 | 1 | 0 |
_aMarine Classification Society Surveying / _cPeter Broad |
| 260 |
_aEdinburgh : _bWitherby Seamanship International Ltd. , _c2009. |
||
| 300 |
_aviii, 124 p. : _bcol. ill., charts ; _c25 cm |
||
| 650 | 0 |
_aShips _xInspection |
|
| 650 | 0 |
_aShips _xMaintenance and repair |
|
| 904 | _aA_BOSE | ||
| 942 | _cBK | ||